[Event "RSA-ch Seniors"]
[Site "Cape Town"]
[Date "2024.03.28"]
[Round "4"]
[White "Danisa, Cyril T"]
[Black "Bouah, Lyndon"]
[Result "0-1"]
[WhiteElo "1852"]
[BlackElo "2007"]
[PlyCount "80"]
[EventDate "2024.03.25"]
[EventType "tourn"]
[EventRounds "11"]
[EventCountry "RSA"]
[SourceTitle "CB14_2024"]
[SourceDate "2024.04.01"]
[SourceVersion "1"]
[SourceVersionDate "2024.04.01"]
[SourceQuality "1"]

1. e4 Nf6 2. Nc3 d5 3. e5 Nfd7 4. d4 e6 5. f4 c5 6. Nf3 Nc6 7. Be3 Be7 8. Qd2 a6 9. Qf2 0-0 10. h4 f6 11. exf6 Nxf6 12. 0-0-0 Ng4 13. Qd2 Nxe3 14. Qxe3 cxd4 15. Nxd4 Nxd4 16. Qxd4 Bf6 17. Qd3 Qa5 18. Kb1 Bd7 19. g3 Rac8 20. Ne2 Rc4 21. c3 Rfc8 22. g4 Bb5 23. Qd2 Ra4 24. Nc1 Qb6 25. Nb3 a5 26. g5 Be7 27. h5 Bc4 28. Nc1 Bd6 29. Bxc4 Raxc4 30. f5 Bf4 31. Qe2 Rxc3 32. Qxe6+ Qxe6 33. fxe6 Rxc1+ 34. Rxc1 Rxc1+ 35. Rxc1 Bxc1 36. Kxc1 Kf8 37. Kc2 Ke7 38. Kd3 Kxe6 39. Kd4 Kd6 40. a4 b6 0-1

[Event "South African op"]
[Site "Cape Town"]
[Date "2022.07.10"]
[Round "3"]
[White "Allison, James"]
[Black "Bouah, Lyndon"]
[Result "1/2-1/2"]
[WhiteElo "1778"]
[BlackElo "2052"]
[PlyCount "54"]
[EventDate "2022.07.09"]
[EventType "swiss"]
[EventRounds "11"]
[EventCountry "RSA"]
[SourceTitle "CBM 209 Extra"]
[Source "ChessBase"]
[SourceDate "2022.09.30"]
[SourceVersion "1"]
[SourceVersionDate "2022.09.30"]
[SourceQuality "1"]

1. d4 Nf6 2. c4 g6 3. g3 Bg7 4. Bg2 0-0 5. Nf3 d6 6. 0-0 Nc6 7. Nc3 a6 8. e4 Rb8 9. h3 e5 10. dxe5 dxe5 11. Qxd8 Rxd8 12. Bg5 Re8 13. Be3 Nd8 14. Ne1 Ne6 15. Nc2 c5 16. Nd5 Nd4 17. Nxd4 cxd4 18. Bd2 Nxd5 19. cxd5 Bd7 20. Rfc1 Rbc8 21. Rxc8 Rxc8 22. Rc1 Rxc1+ 23. Bxc1 Bf8 24. Bd2 Bd6 25. Bf1 Kf8 26. Kg2 Ke7 27. Bd3 Bc8 1/2-1/2

[Event "Pretoria Capablanca IM"]
[Site "Pretoria"]
[Date "2018.04.29"]
[Round "6"]
[White "Pon, Matt"]
[Black "Bouah, Lyndon"]
[Result "1-0"]
[WhiteElo "2177"]
[BlackElo "2118"]
[PlyCount "73"]
[EventDate "2018.04.27"]
[EventType "tourn"]
[EventRounds "9"]
[EventCountry "RSA"]
[SourceTitle "CBM 184 Extra"]
[Source "ChessBase"]
[SourceDate "2018.06.28"]
[SourceVersion "1"]
[SourceVersionDate "2018.06.28"]
[SourceQuality "1"]

1. e4 c5 2. Nf3 Nc6 3. Bb5 Na5 4. 0-0 a6 5. Be2 d6 6. Re1 e5 7. c3 Nf6 8. d4 Qc7 9. Nbd2 Be7 10. d5 b6 11. Nf1 0-0 12. Ng3 b5 13. h3 Re8 14. Rf1 Rb8 15. Nh2 g6 16. Bh6 Bf8 17. Bxf8 Rxf8 18. f4 exf4 19. Rxf4 Qe7 20. Qd2 Nc4 21. Bxc4 bxc4 22. Raf1 Ne8 23. R1f2 Ng7 24. Qe2 Qe5 25. Qf3 Rb7 26. Nhf1 Ne8 27. h4 h6 28. Ne3 g5 29. hxg5 hxg5 30. Rf5 Bxf5 31. Ngxf5 Qh8 32. Nxc4 f6 33. Nfxd6 Nxd6 34. Nxd6 Rh7 35. g3 Qg7 36. Nf5 Qb7 37. e5 1-0

[Event "Pretoria Capablanca IM"]
[Site "Pretoria"]
[Date "2018.04.27"]
[Round "2"]
[White "Paiva, Donaldo"]
[Black "Bouah, Lyndon"]
[Result "1-0"]
[WhiteElo "2210"]
[BlackElo "2118"]
[PlyCount "67"]
[EventDate "2018.04.27"]
[EventType "tourn"]
[EventRounds "9"]
[EventCountry "RSA"]
[SourceTitle "CBM 184 Extra"]
[Source "ChessBase"]
[SourceDate "2018.06.28"]
[SourceVersion "1"]
[SourceVersionDate "2018.06.28"]
[SourceQuality "1"]

1. Nf3 Nf6 2. g3 g6 3. b3 Bg7 4. Bb2 0-0 5. Bg2 d6 6. d4 Na6 7. 0-0 c5 8. c4 Bf5 9. Nc3 Ne4 10. Nd5 Bd7 11. Qc2 f5 12. Rad1 Qe8 13. dxc5 Nexc5 14. Bxg7 Kxg7 15. b4 Ne6 16. e4 f4 17. e5 Kg8 18. exd6 exd6 19. Qc3 Qf7 20. Rfe1 Rae8 21. c5 Ba4 22. cxd6 Bxd1 23. Rxd1 Qg7 24. Qc4 Kh8 25. gxf4 Nb8 26. Nc7 Nxc7 27. dxc7 Nc6 28. Ng5 Qxc7 29. b5 Rxf4 30. Qc1 Re5 31. Qxf4 Re1+ 32. Rxe1 Qxf4 33. bxc6 bxc6 34. Re8+ 1-0

[Event "Livingstone FIDE zt 4.3"]
[Site "Livingstone"]
[Date "2017.06.10"]
[Round "1"]
[White "Mwali, Chitumbo"]
[Black "Bouah, Lyndon"]
[Result "1-0"]
[WhiteElo "2312"]
[BlackElo "2130"]
[PlyCount "81"]
[EventDate "2017.06.10"]
[EventType "swiss"]
[EventRounds "9"]
[EventCountry "ZAM"]
[SourceTitle "EXT 2020"]
[Source "ChessBase"]
[SourceDate "2019.10.17"]
[SourceVersion "1"]
[SourceVersionDate "2019.10.17"]
[SourceQuality "1"]

1. c4 Nf6 2. g3 g6 3. Bg2 Bg7 4. Nc3 0-0 5. e4 e5 6. Nge2 Nc6 7. 0-0 d6 8. f4 a6 9. d3 Rb8 10. a4 Nd4 11. h3 c5 12. f5 Ne8 13. Nd5 f6 14. Nxd4 cxd4 15. Bd2 Bd7 16. Bb4 Bc6 17. fxg6 hxg6 18. Qg4 Kf7 19. h4 Qd7 20. Qe2 Qe6 21. Kh2 Bd7 22. Nb6 Qg4 23. Rf3 Be6 24. Rh1 Bh6 25. Kg1 Be3+ 26. Kf1 Qh5 27. Bh3 Bxh3+ 28. Rxh3 Qg4 29. Kg2 Qe6 30. Rh1 Kg7 31. h5 f5 32. hxg6 f4 33. Nd7 Nf6 34. Nxb8 Rxb8 35. gxf4 exf4 36. Rfh3 Rf8 37. Rh7+ Nxh7 38. Rxh7+ Kg8 39. Qh5 f3+ 40. Kf1 Qe5 41. Bxd6 1-0

[Event "Johannesburg PSS Prestige op"]
[Site "Johannesburg"]
[Date "2017.04.22"]
[Round "3"]
[White "Peretz, Leon"]
[Black "Bouah, Lyndon"]
[Result "0-1"]
[WhiteElo "1977"]
[BlackElo "2115"]
[PlyCount "46"]
[EventDate "2017.04.22"]
[EventType "swiss (rapid)"]
[EventRounds "10"]
[EventCountry "RSA"]
[SourceTitle "CBM 177 Extra"]
[Source "ChessBase"]
[SourceDate "2017.04.27"]
[SourceVersion "1"]
[SourceVersionDate "2017.04.27"]
[SourceQuality "1"]

1. d4 Nf6 2. Bf4 g6 3. Nc3 Bg7 4. Qd2 0-0 5. Bh6 Re8 6. Bxg7 Kxg7 7. e4 d6 8. f4 c6 9. Nf3 Bg4 10. e5 Bxf3 11. exf6+ exf6+ 12. Kf2 Be4 13. Be2 d5 14. h4 h5 15. Rh3 f5 16. Rah1 Nd7 17. Nxe4 dxe4 18. d5 Nf6 19. Qc3 Qb6+ 20. Kf1 cxd5 21. Qa3 d4 22. Rb3 Qc7 23. Ke1 Rh8 0-1

[Event "Africa-ch"]
[Site "Kampala"]
[Date "2016.07.21"]
[Round "6"]
[White "Wanyama, Harold"]
[Black "Bouah, Lyndon"]
[Result "1-0"]
[WhiteElo "2269"]
[BlackElo "2124"]
[PlyCount "79"]
[EventDate "2016.07.17"]
[EventType "swiss"]
[EventRounds "9"]
[EventCountry "UGA"]
[SourceTitle "CBM 173 Extra"]
[Source "ChessBase"]
[SourceDate "2016.08.29"]
[SourceVersion "1"]
[SourceVersionDate "2016.08.29"]
[SourceQuality "1"]

1. d4 Nf6 2. c4 g6 3. Nc3 Bg7 4. e4 d6 5. Nf3 0-0 6. Be2 e5 7. 0-0 Nc6 8. d5 Ne7 9. Ne1 Nd7 10. Be3 f5 11. f3 f4 12. Bf2 g5 13. Rc1 Ng6 14. c5 dxc5 15. b4 Nf6 16. Bxc5 Re8 17. Nd3 h5 18. h3 b6 19. Bf2 Bf8 20. a3 Bd6 21. Nb2 Re7 22. Rc2 Rh7 23. Re1 Qf8 24. Bf1 g4 25. Kh1 Rg7 26. Nb5 g3 27. Bg1 Nh4 28. Nc4 Qd8 29. Qa1 Bxh3 30. gxh3 Nxf3 31. Nd2 Nh4 32. Nxd6 cxd6 33. Bg2 Nh7 34. Qd1 Ng5 35. Qxh5 Rh7 36. Qg4 Nxg2 37. Kxg2 Rg7 38. Rec1 f3+ 39. Nxf3 Nxf3 40. Qxf3 1-0

[Event "Africa-ch"]
[Site "Kampala"]
[Date "2016.07.18"]
[Round "2"]
[White "Kawuma, Patrick"]
[Black "Bouah, Lyndon"]
[Result "1-0"]
[WhiteElo "2247"]
[BlackElo "2124"]
[PlyCount "97"]
[EventDate "2016.07.17"]
[EventType "swiss"]
[EventRounds "9"]
[EventCountry "UGA"]
[SourceTitle "CBM 173 Extra"]
[Source "ChessBase"]
[SourceDate "2016.08.29"]
[SourceVersion "1"]
[SourceVersionDate "2016.08.29"]
[SourceQuality "1"]

1. d4 Nf6 2. Nf3 g6 3. c4 Bg7 4. Nc3 0-0 5. e4 d6 6. Be2 e5 7. 0-0 Nc6 8. d5 Ne7 9. Nd2 Nd7 10. b4 f5 11. c5 Nf6 12. f3 f4 13. Nc4 g5 14. a4 Ng6 15. Ba3 Rf7 16. b5 Bf8 17. b6 cxb6 18. cxd6 h5 19. Nb5 Ne8 20. Bb2 Bg7 21. Ra2 a6 22. Nc7 Nxc7 23. dxc7 Qxc7 24. Qb3 Bf8 25. Kh1 Qe7 26. Qxb6 Rg7 27. Ba3 Qe8 28. Bxf8 Qxf8 29. Rc1 Bd7 30. Qd6 Qe8 31. Nb6 Rd8 32. Rac2 g4 33. Nxd7 Rgxd7 34. Qe6+ Qxe6 35. dxe6 Rd4 36. fxg4 hxg4 37. Bxg4 Rxe4 38. Rc7 Red4 39. Bh5 e4 40. Re1 f3 41. gxf3 Rd1 42. Rc1 Rxc1 43. Rxc1 e3 44. Bxg6 e2 45. Bc2 Rd2 46. Bb3 Kf8 47. Kg1 b5 48. axb5 axb5 49. Kf2 1-0

[Event "South African op"]
[Site "Cape Town"]
[Date "2015.07.08"]
[Round "8"]
[White "Bouah, Lyndon"]
[Black "Solomon, Kenny"]
[Result "0-1"]
[WhiteElo "2124"]
[BlackElo "2382"]
[PlyCount "36"]
[EventDate "2015.07.03"]
[EventType "swiss"]
[EventRounds "11"]
[EventCountry "RSA"]
[SourceTitle "CBM 167 Extra"]
[Source "ChessBase"]
[SourceDate "2015.09.14"]
[SourceVersion "1"]
[SourceVersionDate "2015.09.14"]
[SourceQuality "1"]

1. d4 Nf6 2. c4 e6 3. Nc3 Bb4 4. Qc2 0-0 5. Bg5 h6 6. Bh4 c5 7. a3 Bxc3+ 8. Qxc3 cxd4 9. Qxd4 g5 10. Bg3 Nc6 11. Qd6 Ne4 12. Qc7 Qf6 13. 0-0-0 d5 14. f3 Nc3 15. Rd2 dxc4 16. bxc3 Qxc3+ 17. Rc2 Qa1+ 18. Kd2 Qxf1 0-1

[Event "South African op"]
[Site "Cape Town"]
[Date "2015.07.04"]
[Round "3"]
[White "Kobese, Watu"]
[Black "Bouah, Lyndon"]
[Result "1-0"]
[WhiteElo "2328"]
[BlackElo "2124"]
[PlyCount "47"]
[EventDate "2015.07.03"]
[EventType "swiss"]
[EventRounds "11"]
[EventCountry "RSA"]
[SourceTitle "CBM 167 Extra"]
[Source "ChessBase"]
[SourceDate "2015.09.14"]
[SourceVersion "1"]
[SourceVersionDate "2015.09.14"]
[SourceQuality "1"]

1. e4 c5 2. Nf3 Nc6 3. Nc3 a6 4. d4 cxd4 5. Nxd4 d6 6. Bc4 Nf6 7. Nxc6 bxc6 8. e5 Ng4 9. e6 Ne5 10. exf7+ Nxf7 11. Bxf7+ Kxf7 12. Qf3+ Ke8 13. Qxc6+ Bd7 14. Qe4 e6 15. Bg5 Qc8 16. 0-0 Bc6 17. Qh4 Qb7 18. Rfe1 Qf7 19. Qh3 Kd7 20. Rad1 Qg6 21. Bf4 Re8 22. Ne2 Kc7 23. Nd4 Bd5 24. c4 1-0

[Event "RSA-ch 45th"]
[Site "Cape Town"]
[Date "2011.11.29"]
[Round "5"]
[White "Ovcina, Dennis"]
[Black "Bouah, Lyndon"]
[Result "1-0"]
[WhiteElo "2249"]
[BlackElo "2148"]
[PlyCount "113"]
[EventDate "2011.11.26"]
[EventType "tourn"]
[EventRounds "11"]
[EventCountry "RSA"]
[SourceTitle "CBM 145 Extra"]
[Source "ChessBase"]
[SourceDate "2012.01.03"]
[SourceVersion "1"]
[SourceVersionDate "2012.01.03"]
[SourceQuality "1"]

1. d4 Nf6 2. c4 g6 3. Nc3 Bg7 4. e4 d6 5. f3 0-0 6. Be3 Nc6 7. Nge2 a6 8. h4 h5 9. Qd2 Rb8 10. a4 Re8 11. Rb1 a5 12. Nb5 Nb4 13. Nc1 c6 14. Na3 Qc7 15. Nd3 Nxd3+ 16. Bxd3 e5 17. d5 Bd7 18. Rc1 Rec8 19. b3 Kh7 20. Kd1 Ng8 21. Qf2 c5 22. Kc2 Bh6 23. Rcg1 Bxe3 24. Qxe3 Kg7 25. g4 Nf6 26. Be2 Rh8 27. Nb1 Qd8 28. Nd2 Qe7 29. Qc3 b6 30. g5 Nh7 31. f4 Rbe8 32. Nf3 Bg4 33. fxe5 dxe5 34. d6 Qxd6 35. Rd1 Qc7 36. Rd5 Bxf3 37. Bxf3 Re7 38. Rhd1 Rhe8 39. Bg2 f6 40. Qg3 fxg5 41. hxg5 Rf7 42. Bh3 Nf8 43. Rd6 Kg8 44. Qd3 Qe7 45. Rg1 Rf2+ 46. Kb1 Qf7 47. Bf5 gxf5 48. g6 Qb7 49. exf5 e4 50. Qe3 Rxf5 51. g7 Ne6 52. Qh6 Ng5 53. Qh8+ Kf7 54. Qxh5+ Kxg7 55. Rxg5+ Rxg5 56. Qxg5+ Kf7 57. Qg6+ 1-0

[Event "Budapest FS06 IM-A"]
[Site "Budapest"]
[Date "2009.06.16"]
[Round "11"]
[White "Magyar, Otto"]
[Black "Bouah, Lyndon"]
[Result "0-1"]
[WhiteElo "2296"]
[BlackElo "2150"]
[PlyCount "70"]
[EventDate "2009.06.06"]
[EventType "tourn"]
[EventRounds "11"]
[EventCountry "HUN"]
[EventCategory "1"]
[SourceTitle "CBM 130 Extra"]
[Source "ChessBase"]
[SourceDate "2009.07.02"]
[SourceVersion "2"]
[SourceVersionDate "2009.07.15"]
[SourceQuality "1"]

1. e4 c5 2. Nf3 Nc6 3. Bb5 Na5 4. Be2 e6 5. c4 Qc7 6. Nc3 a6 7. b3 d6 8. Bb2 Nf6 9. 0-0 Be7 10. d4 cxd4 11. Nxd4 0-0 12. Rc1 b6 13. Bd3 Bb7 14. Qe2 Rac8 15. Nd5 exd5 16. cxd5 Qd7 17. b4 Nc4 18. Bxc4 b5 19. Bd3 Rfe8 20. Rxc8 Rxc8 21. e5 dxe5 22. Nf5 Bxb4 23. Qxe5 Qxd5 24. Qg3 Nh5 25. Qg4 Qxg2+ 26. Qxg2 Bxg2 27. Kxg2 Nf4+ 28. Kf3 Nxd3 29. Bxg7 Rc1 30. Rxc1 Nxc1 31. Ke4 Nxa2 32. Kd5 h5 33. Bd4 Kh7 34. Kc6 Kg6 35. Ne3 Bc3 0-1

[Event "Budapest FS06 IM-A"]
[Site "Budapest"]
[Date "2009.06.13"]
[Round "8"]
[White "Bouah, Lyndon"]
[Black "Platzgummer, Fabian"]
[Result "0-1"]
[WhiteElo "2150"]
[BlackElo "2285"]
[PlyCount "140"]
[EventDate "2009.06.06"]
[EventType "tourn"]
[EventRounds "11"]
[EventCountry "HUN"]
[EventCategory "1"]
[SourceTitle "CBM 130 Extra"]
[Source "ChessBase"]
[SourceDate "2009.07.02"]
[SourceVersion "2"]
[SourceVersionDate "2009.07.15"]
[SourceQuality "1"]

1. d4 d6 2. c4 e5 3. dxe5 dxe5 4. Qxd8+ Kxd8 5. Nf3 f6 6. Nc3 c6 7. e3 Be6 8. Be2 Nd7 9. 0-0 Kc7 10. b3 a5 11. Bb2 Nh6 12. Rac1 Nc5 13. Rfd1 Nf7 14. Ne1 a4 15. Nd3 axb3 16. Nxc5 Bxc5 17. axb3 Ba3 18. Rd2 Rhd8 19. Rxd8 Nxd8 20. Bxa3 Rxa3 21. Bd1 b6 22. Kf1 Bf7 23. Ke1 Nb7 24. Nb1 Ra1 25. Bc2 Bg6 26. e4 Nc5 27. f3 Bf7 28. Kd2 Ra2 29. Kc3 Ne6 30. Nd2 Nd4 31. Bd1 c5 32. Rb1 b5 33. cxb5 Nxb5+ 34. Kd3 Ra8 35. Rc1 Kb6 36. Ke3 Nd4 37. Be2 Nxe2 38. Kxe2 Kb5 39. Rc3 Kb4 40. Rd3 Be8 41. Rd6 Bb5+ 42. Ke3 Ra3 43. Kf2 Ra7 44. Ke3 Rd7 45. Rd5 Bc6 46. Rxd7 Bxd7 47. Kd3 Bb5+ 48. Kc2 Be2 49. Nb1 Bf1 50. g3 Be2 51. f4 c4 52. bxc4 Kxc4 53. Kd2 Bd3 54. Nc3 Kd4 55. fxe5 fxe5 56. Nd1 Bxe4 57. Ne3 Bd3 58. Nd1 g6 59. Nf2 Bc4 60. Ng4 Bb5 61. Nf2 h5 62. Nd1 Bd3 63. Nf2 Ba6 64. Nd1 Ke4 65. Ne3 Bb5 66. Nd1 Kf3 67. Nc3 Bc4 68. Nd1 Bb3 69. Nc3 e4 70. Ke1 Kg2 0-1